Now in japan: An outline of the new economic and social seven-year plan
में बचाया:
| स्वरूप: | पुस्तक |
|---|---|
| भाषा: | Undetermined |
| प्रकाशित: |
Japan
JETRO
1979
|
| विषय: | |
| टैग : |
टैग जोड़ें
कोई टैग नहीं, इस रिकॉर्ड को टैग करने वाले पहले व्यक्ति बनें!
|
| Thư viện lưu trữ: | Trung tâm Học liệu Trường Đại học Cần Thơ |
|---|
| LEADER | 00450nam a2200169Ia 4500 | ||
|---|---|---|---|
| 001 | CTU_79918 | ||
| 008 | 210402s9999 xx 000 0 und d | ||
| 082 | |a 330 | ||
| 082 | |b N946 | ||
| 245 | 0 | |a Now in japan: | |
| 245 | 3 | |b An outline of the new economic and social seven-year plan | |
| 260 | |a Japan | ||
| 260 | |b JETRO | ||
| 260 | |c 1979 | ||
| 650 | |a Economics | ||
| 904 | |i Trọng Hải | ||
| 980 | |a Trung tâm Học liệu Trường Đại học Cần Thơ | ||